000 00961cam a2200277 a 4500
001 238400
003 ARRUPE
005 20140520135042.0
008 990527s1999 sa ab b 000 0 eng
010 _a 99210454
020 _a0869755161
040 _aDLC
_cDLC
_dDLC
043 _af-sa---
050 0 0 _aDT1908.S6
_bT684 1999
082 0 0 _a968/.204
_221
100 1 _aTorlage, Gilbert.
_910387
245 1 4 _aThe battle of Spioenkop, 23-24 January 1900 /
_cGilbert Torlage.
260 _aRandburg :
_bRavan Press,
_c1999.
300 _aiv, 44 p. :
_bill., maps (some col.) ;
_c24 cm.
440 0 _aBattles of the Angloâ‚‹Boer War
_910388
504 _aIncludes bibliographical references (p. 41).
650 0 _aSpion Kop, Battle of, South Africa, 1900.
_910389
906 _a7
_bcbc
_corignew
_d3
_encip
_f19
_gy-gencatlg
942 _2lcc
_cMONOGRAPH
999 _c120548
_d120548